MAASAI MARA UNIVERSITY

LIBRARY CATALOGUE

Contact Us: +254 020 2685356/7 or 0774 057787

Box: 861-20500, NAROK, KENYA

Email: info@mmarau.ac.ke

Jenkins,Jean F (Record no. 4318)

MARC details
000 -LEADER
fixed length control field 00460nam a2200145Ia 4500
008 - FIXED-LENGTH DATA ELEMENTS--GENERAL INFORMATION
fixed length control field 151015s9999 xx 000 0 und d
020 ## - INTERNATIONAL STANDARD BOOK NUMBER
International Standard Book Number 763733253
050 ## - LIBRARY OF CONGRESS CALL NUMBER
Classification number RB155.7 .J46 2004
245 ## - TITLE STATEMENT
Title Jenkins,Jean F
250 ## - EDITION STATEMENT
Edition statement _Nursing care in the Genomic Era a case -based approach Jean F Jenkins
300 ## - PHYSICAL DESCRIPTION
Extent Massasetts Jones and Barlet publishers 2004
500 ## - GENERAL NOTE
General note Includes index.
650 ## - SUBJECT ADDED ENTRY--TOPICAL TERM
Topical term or geographic name as entry element _Genetic counseling
700 ## - ADDED ENTRY--PERSONAL NAME
Personal name ^d20130514 01:12:06^oanne

No items available.

© 2016 Maasai Mara University.